000 01708cam a2200265 4500500
005 20260405022554.0
041 _afre
042 _adc
100 1 0 _aMorot-Gaudry
_eauthor
700 1 0 _aLepiniec, Loïc
_eauthor
700 1 0 _aPrat, Roger
_eauthor
700 1 0 _aGévaudant, Fréderic
_eauthor
700 1 0 _aLaufs, Patrick
_eauthor
700 1 0 _aMasclaux-Daubresse, Céline
_eauthor
700 1 0 _aParcy, François
_eauthor
700 1 0 _aPerrot-Rechenmann, Catherine
_eauthor
700 1 0 _aRajjou, Loïc
_eauthor
700 1 0 _aReisdorf-Cren, Michèle
_eauthor
700 1 0 _aRichard, Luc
_eauthor
700 1 0 _aSavouré, Arnould
_eauthor
245 0 0 _aBiologie végétale : Croissance et développement : Croissance et développement
260 _bDunod,
_c2021.
520 _aIntégrant les derniers acquis de la biologie cellulaire et de la génétique moléculaire, cette quatrième édition, entièrement corrigée, offre un panorama de l’ensemble de la biologie végétale enseignée dans les premières années d’études supérieures (Licence, Pharmacie, classes préparatoires, IUT).Ce volume traite des aspects physiologiques et moléculaires de la croissance et du développement des végétaux supérieurs.  Clair et concis, très illustré, le cours est enrichi par des encarts apportant quelques compléments techniques ou historiques. Des questions de révision en fin de chapitre, toutes corrigées, permettent de tester ses connaissances et de s’entraîner avant l’épreuve.Des compléments sont disponibles sur le site dunod.com.
856 4 1 _uhttps://stm.cairn.info/biologie-vegetale-croissance-et-developpement--9782100823581?lang=fr&redirect-ssocas=7080
999 _c2133058
_d2133058